000 00640nam a22001817a 4500
005 20251108174830.0
008 250721s2009 xx 000 0 ara d
082 1 4 _aم/331.124/أرد
245 1 0 _aمسح العمالة و البطالة : الجولة الثانية 2009 المنهجية و النتائج التفصيلية /
264 1 _aعمان :
_bدائرة الإحصاءات العامة،
_c2009.
300 _a130ص.
650 1 7 _aالاحصاءات الاقتصادية
650 1 7 _aالعمل و العمال
650 1 7 _aفرص التشغيل
650 1 7 _aالبطالة
942 _2ddc
_cREF
999 _c119243
_d119243